Normal view
MARC view
Entry Personal Name
001 - CONTROL NUMBER
- control field: 12659
003 - CONTROL NUMBER IDENTIFIER
- control field: OSt
005 - DATE AND TIME OF LATEST TRANSACTION
- control field: 20180711193620.0
008 - FIXED-LENGTH DATA ELEMENTS
- fixed length control field: 180711|| aca||aabn | a|a d
040 ## - CATALOGING SOURCE
- Original cataloging agency: OSt
- Transcribing agency: OSt
100 ## - HEADING--PERSONAL NAME
- Personal name: Pena,J,E;Sharp,J,L;Wysoki,M;
670 ## - SOURCE DATA FOUND
- Source citation: Work cat.: (OSt): Pena,J,E;Sharp,J,L;Wysoki,M;, Tropical Fruit Pests and Pollinators;, 2002.
